EL RETO DE LA IZQUIERDA/

محفوظ في:
التفاصيل البيبلوغرافية
المؤلف الرئيسي: Bartra, Roger (autor)
التنسيق: كتاب
الموضوعات:
الوسوم: إضافة وسم
لا توجد وسوم, كن أول من يضع وسما على هذه التسجيلة!

MARC

LEADER 00000nam^a2200000^a^4500
001 000224631
005 20250521000000.0
009 20260310104055.666
020 |a 968-419-233-9 
035 |a 043573 
037 |a Acervo Xavier Clavigero 
082 |a 320. 5  |b BAR 
100 |a Bartra, Roger  |e (autor) 
245 1 3 |a EL RETO DE LA IZQUIERDA/  |c ROGER BARTRA 
264 |a MEXICO :  |b GRIJALBO,  |c 1982 
300 |a 196p. 
336 |a texto  |b txt  |2 rdacontenido 
337 |a sin mediación  |b n  |2 rdamedio 
338 |a volumen  |b nc  |2 rdasoporte 
649 |a XX 
650 |a Izquierda, La 
910 |a Fondo General 
920 |a Impresos - Libros 
930 |a Colección General 
905 |a 101 
901 |a 043573  |b IT1  |c ACC  |i 043573  |u 20250521 
902 |a https://opac.biblio.iteso.mx/vufind/Record/000224631